000 00779nam a22002057a 4500
999 _c11226
_d11226
003 AR-CdUCM
008 190402b ||||| |||| 00| 0 spa d
020 _a9972-00-239-X
040 _aMUNICIPALIDAD PROVINCIAL DEL CUSCO
_cBIBLIOTECA MUNICIPAL DEL CUSCO
082 _aES / 373.460 /
_bL44
110 _aSantillana, s.a.
_928484
245 _aLenguaje :
_bComunicación lingüística - literaria 4 /
260 _aPerú :
_bSantillana, s.a.,
_c1998.
300 _a239 paginas
_c28 cm.
505 _aContenido :La época prehispanica -- La conquista -- El virreynato -- La emancipación y los inicios de la república -- El romanticismo y el realismo ...
650 _aLenguaje y literatura
_928485
650 _aIdioma español
_928486
942 _2ddc
_cLIBROS
945 _arum